| 000 | 00485nam a2200169 i 4500 | ||
|---|---|---|---|
| 001 | 88297 | ||
| 003 | ES-MaACL | ||
| 005 | 20230906175832.0 | ||
| 007 | t| | ||
| 008 | 050103s1952 sp ||||1| spa d | ||
| 100 | 1 |
_aLaín Entralgo, Pedro, _d1908-2001 _969681 |
|
| 245 | 1 | 0 |
_aPalabras menores _b: ensayos / _cPedro Laín Entralgo. |
| 260 |
_aBarcelona : _bBarna, _c[1952] ( _fS.G.P.) |
||
| 300 |
_aXI, 288 p. ; _c20 cm. |
||
| 852 |
_aES-MaACL _jC-5937 _bR.33954 |
||
| 999 |
_c88297 _d88297 |
||